Texting Slang Quiz - Statistics

General Stats
  • This quiz has been taken 120 times
  • The average score is 11 of 15
Answer Stats
Slang Answer % Correct
OMG Oh My God
98%
LOL Laugh Out Loud
97%
BRB Be Right Back
95%
TBH To Be Honest
95%
IDC I Don't Care
89%
IDK I Don't Know
88%
IK I Know
88%
IKR I Know Right
85%
ILY I Love You
85%
YOLO You Only Live Once
75%
LMK Let Me Know
71%
TGIF Thank God It's Friday
61%
ROFL Rolling On the Floor Laughing
54%
AFAIK As Far As I Know
30%
BYOB Bring Your Own Beer
26%
No matching quizzes found
Score Distribution
Percent of People with Each Score
Percentile by Number Answered
Your Score History
You have not taken this quiz